| 000 | 00513cam a2200181ua 4500 | ||
|---|---|---|---|
| 999 |
_c9171 _d9171 |
||
| 003 | OSt | ||
| 008 | 180809b ||||| |||| 00| 0 eng d | ||
| 020 | _a0-87055-202-3 | ||
| 082 |
_a664.8 _bTRE/FR |
||
| 100 |
_aTressler, Donald K . _93254 |
||
| 245 | _aFruit vegetable and nut products, Vol 3 / | ||
| 250 | _a1 / | ||
| 260 |
_aConnecticut : _bA.V.I Publishing company , _c1976. |
||
| 300 | _a278 ; . | ||
| 490 | _aAVI food products formulary series | ||
| 700 | 1 |
_aWoodiroof, Jasperguy . _93256 |
|
| 942 | _cBK | ||